000 00938nas a2200313 4500
001 BR2022000942
003 BR-BrBNA
005 20231205132324.0
007 ta
008 230509b bl.|||p| |||| 00| 00por d
040 _aBR-BrBNA
_bpor
_cBiblioteca Nacional de Agricultura
041 _a(En)
072 _aH60; F61
100 1 _aAgostinetto, D.
100 1 _aTarouco, C.P.
100 1 _aNohatto, M.A.
100 1 _aOliveira, C.
100 1 _aFraga, D.S.
245 1 _aMetabolic activity of wheat and ryegrass plants in competition
650 _aTRITICUM AESTIVUM
650 _aLOLIUM MULTIFLORUM
650 _aAZEVÉM
650 _aTRIGO
650 _aERVA DANINHA
773 0 _tPlanta Daninha (Brazil)
_xISSN 1806-9681
_g(2017), v. 35 p. 1-7
_wBR2022000942
856 4 0 _uhttps://www.scielo.br/j/pd/a/RbFpSgfWZ6TykdvjR3g6Mwg/?format=pdf lang=en
909 _a202311
_bLúcia
_c55
_dLúcia Elande
942 _2AGRIS
_n0
_cANA
999 _c259688
_d259688